Systematics, geographic distribution, and some notes on the conservation status of the Callitrichidae (Registro nro. 9183)

Detalles MARC
000 -CABECERA
Campo de control 006600000a22002170004500
090 ## - CLASIFICACIÓN LOCAL
Colección AR
Consecutivo 00082
041 0# - IDIOMA
Código de idioma para texto/pista de sonido o título separado
100 1# - ASIENTO PRINCIPAL--NOMBRE PERSONAL
Nombre personal Rylands, Anthony B.
245 10 - MENCION DE TITULO
Título Systematics, geographic distribution, and some notes on the conservation status of the Callitrichidae
650 14 - ASIENTO SECUNDARIO DE MATERIA - TERMINO TEMATICO
Término temático o nombre geográfico como elemento de entrada Fauna
650 14 - ASIENTO SECUNDARIO DE MATERIA - TERMINO TEMATICO
Término temático o nombre geográfico como elemento de entrada Mamíferos
650 14 - ASIENTO SECUNDARIO DE MATERIA - TERMINO TEMATICO
Término temático o nombre geográfico como elemento de entrada Primates
650 14 - ASIENTO SECUNDARIO DE MATERIA - TERMINO TEMATICO
Término temático o nombre geográfico como elemento de entrada Biogeografía
650 14 - ASIENTO SECUNDARIO DE MATERIA - TERMINO TEMATICO
Término temático o nombre geográfico como elemento de entrada Distribución
650 14 - ASIENTO SECUNDARIO DE MATERIA - TERMINO TEMATICO
Término temático o nombre geográfico como elemento de entrada Taxonomía
653 ## - TERMINO DE INDIZACION - NO CONTROLADO
-- Callitrichidae
700 1# - ASIENTO SECUNDARIO - NOMBRE PERSONAL
Nombre personal Mittermeier, Russell A.
700 1# - ASIENTO SECUNDARIO - NOMBRE PERSONAL
Nombre personal Coimbra-Filho, Aldemar F.
773 1# - Item fuente:
Título Preprint
Especificación de materiales 3
Paginas del Articulo 11-77
Lugar, editorial y fecha de publicación 1992?
942 ## - ELEMENTOS ADICIONALES (KOHA)
Tipo de ítem Artículo
Existencias
Withdrawn status Lost status Sistema de Clasificación Damaged status No para préstamo Colección Ubicación Permanente Ubicación actual Fecha de adquisición Fuente de Valor Total Checkouts Número topográfico Inventario / Código de Barras Date last seen Ejemplar Price effective from Tipo de material
    Dewey Decimal Classification   No para Préstamo Hemeroteca Bogotá Bogotá 27/02/2015 Gast, Fernando   AR 00082 Fuera de circulación 010309 25/03/2015 1 25/03/2015 Artículo
    Dewey Decimal Classification   No para Préstamo Hemeroteca Bogotá Bogotá 27/02/2015 Gast, Fernando   AR 00082 Fuera de circulación 010310 25/03/2015 2 25/03/2015 Artículo